| 000 | 00820cam a2200181 a 4500 | ||
|---|---|---|---|
| 020 | _a0784400512 | ||
| 082 | 0 | 0 |
_a624.164 _bSER _cL-39, P-187 |
| 245 | 0 | 0 |
_aServiceability of earth retaining structures : _bproceedings of sessions sponsored by the Geotechnical Engineering Division of the American Society of Civil Engineers in conjunction with the ASCE National Convention in Atlanta, Georgia, October 9-13, 1994 / _cedited by Richard J. Finno. |
| 260 |
_aNew York, N.Y. : _bASCE, _cc1994. |
||
| 300 |
_av, 157 p. : _bill. ; _c22 cm. |
||
| 526 |
_a0 _b0 _c0 _d624_164000000000000_SER |
||
| 650 | 0 |
_aEarth pressure _xCongresses. _942603 |
|
| 650 | 0 |
_aMCE _9379 |
|
| 650 | 0 |
_aRetaining walls _xCongresses. _946755 |
|
| 700 | 1 |
_aFinno, Richard J. _946756 |
|
| 710 | 2 |
_aAmerican Society of Civil Engineers. _9702 |
|
| 942 |
_2ddc _cBK |
||
| 999 |
_c549994 _d549994 |
||